| 000 | 00836cam a22002535a 4500 | ||
|---|---|---|---|
| 008 | 081204t2002 maua|||fr|||| 001 0 eng d | ||
| 010 | _a 2001089367 | ||
| 020 | _a0618124225 (Student text) | ||
| 020 | _a9780618124220 | ||
| 040 |
_aEG-ScBUE _beng _cEG-ScBUE |
||
| 082 | 0 | 4 |
_a657 _bNEE _222 |
| 100 | 1 | _aNeedles, Belverd E. | |
| 245 | 1 | 0 |
_aPrinciples of accounting / _cBelverd E. Needles, Marian Powers, Susan V. Crosson. |
| 260 |
_aBoston : _bHoughton Mifflin, _cc.2002. |
||
| 260 | _bDistributer: Dar Fathy Taha Mohamed Desouky. | ||
| 300 |
_axlvi, 1249 p. : _bill. (col.) ; _c29 cm. |
||
| 504 | _aIncludes bibliographical references and indexes. | ||
| 650 | 0 |
_aAccounting. _2BUEsh |
|
| 651 | _2BUEsh | ||
| 653 |
_bBUSADM _cAugust2015 |
||
| 700 | 1 | _aPowers, Marian. | |
| 700 | 1 | _aCrosson, Susan V. | |
| 942 |
_cBB _2ddc |
||
| 999 |
_c8988 _d8988 |
||